प्रतिज्ञा नाटकातील गीतपर्व (Record no. 131907)

MARC details
000 -LEADER
fixed length control field 00471nam a2200133Ia 4500
008 - FIXED-LENGTH DATA ELEMENTS--GENERAL INFORMATION
fixed length control field 090124s9999 xx 000 0 und d
082 ## - DEWEY DECIMAL CLASSIFICATION NUMBER
Item number 17966
Classification number 783
245 ## - TITLE STATEMENT
Title प्रतिज्ञा नाटकातील गीतपर्व
250 ## - EDITION STATEMENT
Edition statement 0
300 ## - PHYSICAL DESCRIPTION
Extent 18
630 ## - SUBJECT ADDED ENTRY--UNIFORM TITLE
Uniform title प्रतिज्ञा नाटकातील गीतपर्व
730 ## - ADDED ENTRY--UNIFORM TITLE
Uniform title प्रतिज्ञा नाटकातील गीतपर्व
942 ## - ADDED ENTRY ELEMENTS (KOHA)
Koha item type Book
Holdings
Withdrawn status Lost status Damaged status Not for loan Home library Current library Date acquired Cost, normal purchase price Total Checkouts Full call number Barcode Date last seen Cost, replacement price Price effective from Koha item type
        Marathi Granth Sangrahalaya,Thane Marathi Granth Sangrahalaya,Thane   5.00   17966 THNMGS-17966 01/24/2009 5.00 01/24/2009 Book